[Event "Caissa GM March 2011"]
[Site "Kecskemet HUN"]
[Date "2011.03.22"]
[Round "5.5"]
[White "Kislik,E"]
[Black "Narayanan,Sri"]
[Result "1/2-1/2"]
[WhiteElo "2319"]
[BlackElo "2310"]

1.e4 c5 2.Nf3 d6 3.d4 cxd4 4.Nxd4 Nf6 5.Nc3 a6 6.Be3 e5 7.Nb3 Be6 8.f3 Nbd7
9.Qd2 b5 10.O-O-O Rc8 11.g4 Be7 12.h4 Nb6 13.Bxb6 Qxb6 14.Nd5 Nxd5 15.exd5 Bd7
16.Bd3 O-O 17.Na5 Bd8 18.Nc6 Bxc6 19.dxc6 Qxc6 20.Bf5 Rb8 21.Be4 Qc4 22.Kb1 Be7
23.g5 Kh8 24.b3 Qc5 25.Qd3 Qd4 26.Qxd4 exd4 27.Rxd4 Rfc8 28.Re1 Bf8 29.Bd5 Re8
30.Rde4 Rxe4 31.Rxe4 f5 32.Re6 g6 33.f4 b4 34.Kc1 Rc8 35.Bb7 Rc3 36.Rf6 Kg7
37.Bd5 Rc7 38.Kd2 a5 39.Bc4 d5 40.Bd3 Bc5 41.Ke2 h5 42.Ra6 Re7+ 43.Kf3 Ra7
44.Rc6 Be7 45.Ke3 Rd7 46.Kf3 Ra7 47.Rb6 a4 48.Rb5 axb3 49.axb3 Rd7 50.Ra5 Bd8
51.Ra8 Bb6 52.Rb8 Bc5 53.Rc8 Bd4 54.Rc6 Bc3  1/2-1/2

[Event "ch-Moscow S/F 2011"]
[Site "Moscow RUS"]
[Date "2011.03.22"]
[Round "6"]
[White "Stukopin,A"]
[Black "Yudin,I"]
[Result "1-0"]
[WhiteElo "2475"]
[BlackElo "2275"]

1.e4 c5 2.Nf3 d6 3.d4 cxd4 4.Nxd4 Nf6 5.Nc3 a6 6.Be3 e6 7.Be2 Qc7 8.a4 b6
9.f4 Bb7 10.Bf3 Nbd7 11.O-O Be7 12.f5 e5 13.Nb3 Rc8 14.Rf2 Qb8 15.Qd3 Qa8
16.Nd2 d5 17.exd5 Nc5 18.Qe2 Nxd5 19.Nxd5 Bxd5 20.Nc4 Bxc4 21.Qxc4 e4 22.Bh5 O-O
23.Rd2 Bf6 24.Qb4 Qc6 25.a5 b5 26.Rad1 Be5 27.Rd5 Nd3 28.Qxe4 Nxb2 29.Rxe5 Qxe4
30.Rxe4 Nxd1 31.Bxd1 Rfd8 32.Rd4 Rxd4 33.Bxd4 Rd8 34.c3 b4 35.Bf3 b3 36.Kf2 b2
37.Be4 Rd5 38.Ke3 Rb5 39.Bb1 Rxa5 40.Kd2 f6 41.c4 Ra4 42.Bxb2 Kf8 43.Kc3 Ke8  1-0

[Event "Zonal 2.3 Caribbean 2011"]
[Site "Santiago de los Caballeros DOM"]
[Date "2011.03.22"]
[Round "6"]
[White "Arenas,D"]
[Black "Dominguez Perez,L"]
[Result "0-1"]
[WhiteElo "2420"]
[BlackElo "2716"]

1.e4 c5 2.Nf3 d6 3.d4 cxd4 4.Nxd4 Nf6 5.Nc3 a6 6.Be3 e5 7.Nb3 Be6 8.f3 h5
9.Qd2 Nbd7 10.Nd5 Bxd5 11.exd5 g6 12.Be2 Qc7 13.c4 Bg7 14.O-O b6 15.Rac1 O-O
16.Na1 Kh7 17.Bd1 Qb7 18.Be2 b5 19.Nb3 bxc4 20.Bxc4 Rfb8 21.Rfd1 e4 22.f4 Ng4
23.Bd4 a5 24.h3 Nh6 25.Bxg7 Kxg7 26.a4 Qb4 27.Rc3 Qxa4 28.Qe2 Qb4 29.Qxe4 Nf6
30.Qd3 Nf5 31.Rd2 Re8 32.Nd4 Nxd4 33.Qxd4 Re4 34.Qd3 Rxf4 35.Rc1 Re8 36.b3 Qb6+
37.Kh2 Re3 38.Qc2 Re5 39.g3 Rf3 40.Rg1 Qe3 41.Re2 Qg5 42.Qd2 Qf5 43.Rxe5 Qxe5
44.Qxa5 Rf2+ 45.Rg2 Ne4  0-1

[Event "ch-VIE Men"]
[Site "Da Lat VIE"]
[Date "2011.03.23"]
[Round "6.17"]
[White "Nguyen Huynh Tuan Hai"]
[Black "Nguyen Tan Thinh"]
[Result "1/2-1/2"]
[WhiteElo "1788"]
[BlackElo "1938"]

1.e4 c5 2.Nf3 d6 3.d4 cxd4 4.Nxd4 Nf6 5.Nc3 a6 6.Be3 e5 7.Nb3 Be7 8.Be2 Be6
9.O-O O-O 10.Kh1 Qc7 11.f4 Rd8 12.f5 Bc4 13.Bb6 Qxb6 14.Bxc4 Qc7 15.Bd5 Nbd7
16.Qe2 b5 17.Bxa8 Rxa8 18.a4 b4 19.Na2 Qb7 20.Rfe1 Nc5 21.Nxc5 dxc5 22.Nc1 Rd8
23.Nd3 Qc7 24.Rad1 c4 25.Nf2 Rc8 26.Ng4 Nd7 27.Ne3 Qb7 28.Nxc4 Qc7 29.b3 Bc5
30.Qd3 Nf6 31.Ne3 Qb7 32.Nc4 Ng4 33.Re2 Qe7 34.Qg3 Qg5 35.Rdd2 f6 36.h3 Nf2+
37.Kh2 Nxe4 38.Qxg5 Nxg5 39.Rd7 h5 40.Nd6 Rc6 41.Ne4 Nxe4 42.Rxe4 Bd4 43.Re2 Kh7
44.Rb7 Bc3 45.Re4 Kh6 46.Rc4 Rd6 47.h4 g5 48.Re7 gxh4 49.Re6 Rd1 50.Rxh4 Kg5
51.Rh3 Kxf5 52.Rxa6 e4 53.Ra5+ Be5+ 54.Rxe5+ Kxe5 55.Kg3 Rf1 56.Rxh5+ Kd4
57.Rh8 Kc3 58.Re8 Kxc2 59.Rxe4 Kxb3 60.a5 Rf5 61.Rf4  1/2-1/2

[Event "TCh-HUN 2010-11"]
[Site "Budapest HUN"]
[Date "2011.03.27"]
[Round "7"]
[White "Mihok,O"]
[Black "Feher,G"]
[Result "1-0"]
[WhiteElo "2463"]
[BlackElo "2343"]

1.e4 c5 2.Nf3 d6 3.d4 cxd4 4.Nxd4 Nf6 5.Nc3 a6 6.Be3 e5 7.Nb3 Be6 8.Qd2 Nbd7
9.O-O-O Be7 10.f4 exf4 11.Bxf4 Ne5 12.Nd4 O-O 13.g3 Qc8 14.Nxe6 Qxe6 15.h4 Rad8
16.Bh3 Qc4 17.Nd5 Nxd5 18.Qxd5 Qc7 19.Kb1 Bf6 20.Bc1 Nc4 21.Rhf1 Be5 22.Rf3 b5
23.Rdf1 Nb6 24.Qb3 Nc4 25.Qd3 Rb8 26.g4 b4 27.b3 Na3+ 28.Bxa3 bxa3 29.g5 a5
30.Qd5 g6 31.Rxf7 Rxf7 32.Rxf7 Qxf7 33.Be6 Rf8 34.Bxf7+ Rxf7 35.c4 Kg7 36.c5 Rf1+
37.Kc2 Rf2+ 38.Kd3 Rxa2 39.cxd6 Bf4 40.Qb7+ Kg8 41.Qc8+  1-0

[Event "1st Armen Norouz Cup"]
[Site "Esfahan IRI"]
[Date "2011.03.29"]
[Round "7"]
[White "Derakhshani,Borna"]
[Black "Mirzaei,Nima"]
[Result "0-1"]
[WhiteElo "1663"]
[BlackElo "1521"]

1.e4 c5 2.Nf3 d6 3.d4 cxd4 4.Nxd4 Nf6 5.Nc3 a6 6.Be3 e5 7.Nb3 Be6 8.f3 Be7
9.Bd3 Nbd7 10.Qe2 b5 11.a3 Qc7 12.Qf2 Rc8 13.Rd1 d5 14.exd5 Nxd5 15.Nxd5 Bxd5
16.O-O Be6 17.f4 O-O 18.Rfe1 Bd6 19.f5 Bxb3 20.cxb3 e4 21.Bxe4 Bxh2+ 22.Kh1 Bg3
23.Qf3 Bxe1 24.Rxe1 Nc5 25.Bb1 Qc6 26.Qg4 Rfe8 27.Qh4 Qf6 28.Qh3 Nxb3 29.Rf1 Nc5
30.g4 h6 31.Rg1 Qe5 32.Bf2 Qd5+ 33.Kh2 Re2 34.Rg2 Rxb2 35.f6 Qe5+ 36.Bg3 Rxg2+
37.Kxg2 Qb2+ 38.Bf2 Qxb1 39.fxg7 Qg6 40.Bd4 Qe4+ 41.Kh2 Qxd4 42.g5 Qf4+ 43.Kh1 Re8  0-1

[Event "Telin International Open"]
[Site "Jakarta INA"]
[Date "2011.04.03"]
[Round "4.13"]
[White "Hamdani,R"]
[Black "Jamaludin"]
[Result "1-0"]
[WhiteElo "2368"]
[BlackElo "2192"]

1.e4 c5 2.Nf3 d6 3.d4 cxd4 4.Nxd4 Nf6 5.Nc3 a6 6.Be3 e6 7.f3 Qc7 8.g4 Nc6
9.Qd2 Be7 10.O-O-O b5 11.h4 Bb7 12.Nb3 Nd7 13.Kb1 Nce5 14.Qf2 Rc8 15.a3 Nc5
16.Nd4 Rb8 17.Rg1 O-O 18.Bg5 Rfc8 19.Bxe7 Qxe7 20.g5 Ba8 21.Na2 Nc4 22.Ka1 d5
23.Bxc4 bxc4 24.exd5 Na4 25.Rb1 Bxd5 26.Qe3 c3 27.b4 a5 28.Qe5 Qd7 29.h5 g6
30.h6 f5 31.Rgd1 Nb2 32.Nxe6 Nxd1 33.Rxd1 Rb5 34.Nc5 Rbxc5 35.bxc5 Re8 36.Qxc3 Re7
37.Qxa5  1-0

[Event "Karposh Open"]
[Site "Skopje MKD"]
[Date "2011.04.06"]
[Round "6"]
[White "Todorovic,GM"]
[Black "Petrovski,I"]
[Result "1/2-1/2"]
[WhiteElo "2473"]
[BlackElo "2177"]

1.e4 c5 2.Nf3 d6 3.d4 cxd4 4.Nxd4 Nf6 5.Nc3 a6 6.Be3 e5 7.Nb3 Be6 8.f4 exf4
9.Bxf4 Nc6 10.Qe2 Be7 11.h3 Nd7 12.O-O-O Nce5 13.Kb1 O-O 14.g4 Rc8 15.Nd5 Bxd5
16.exd5 Re8 17.Qg2 Nc4 18.g5 Qb6 19.Qg3 Bf8 20.h4 Ne3 21.Bh3 Nxd1 22.Bxd7 Nf2
23.Rf1 Ne4 24.Qf3 Qc7 25.Bxc8 Qxc8 26.Bc1 Qd7 27.h5 g6 28.h6 Re5 29.Bf4 Re7
30.Qd3 Qg4 31.a3 Re8 32.Qd4 Qf5 33.Qd3 Qg4 34.Qd4 Qf5 35.Qd3  1/2-1/2

[Event "ch-POR Youth U18"]
[Site "Torres Vedras POR"]
[Date "2011.04.13"]
[Round "6.2"]
[White "Vasques,A"]
[Black "Margarido,J"]
[Result "1/2-1/2"]
[WhiteElo "2173"]
[BlackElo "1784"]

1.e4 c5 2.Nf3 d6 3.d4 cxd4 4.Nxd4 Nf6 5.Nc3 a6 6.Be3 e5 7.Nb3 Be7 8.f3 Be6
9.Qd2 O-O 10.O-O-O Nbd7 11.g4 b5 12.g5 b4 13.Ne2 Ne8 14.f4 a5 15.f5 a4 16.fxe6 axb3
17.cxb3 fxe6 18.Kb1 Rxa2 19.Kxa2 Qa8+ 20.Kb1 Qxe4+ 21.Qd3 Qxh1 22.Bh3 Qb7
23.Bxe6+ Kh8 24.Ng3 e4 25.Qxe4 Qxe4+ 26.Nxe4  1/2-1/2

[Event "TCh-CZE 2010-11"]
[Site "Czech Rep CZE"]
[Date "2011.04.16"]
[Round "10.3"]
[White "Biolek,R2"]
[Black "Jakubiec,A"]
[Result "0-1"]
[WhiteElo "2433"]
[BlackElo "2547"]

1.e4 c5 2.Nf3 d6 3.d4 cxd4 4.Nxd4 Nf6 5.Nc3 a6 6.Be3 e5 7.Nde2 Be6 8.f4 Be7
9.f5 Bd7 10.Ng3 Bc6 11.Nh5 Nxh5 12.Qxh5 b5 13.O-O-O Nd7 14.Qf3 Nf6 15.g4 b4
16.Nd5 Nxd5 17.exd5 Bb5 18.Qe4 Bg5 19.Bxb5+ axb5 20.Bxg5 Qxg5+ 21.Kb1 O-O
22.Qxb4 Qe7 23.Rd3 e4 24.Rb3 e3 25.Re1 e2 26.Qf4 Rfe8 27.f6 gxf6 28.Rh3 Ra4
29.Qf5 Qe4 30.Qxe4 Raxe4 31.Rg3 R8e5 32.Kc1 Kg7 33.Kd2 Kg6 34.Kd3 Rc4 35.c3 Rxd5+
36.Kxe2 Re4+ 37.Re3 Rxg4 38.Kf3 h5 39.Re8 Kf5 40.R8e7 Rd2 41.R1e2 Rd3+ 42.R2e3 Rd5
43.Re2 Re5 44.R2xe5+ dxe5 45.Rb7 Rf4+ 46.Ke3 Rh4 47.Rxb5 Rh3+ 48.Kf2 Rxh2+
49.Kg3 Rh1 50.a4 Rg1+ 51.Kf2 Ra1 52.Rb4 e4 53.c4 Kf4 54.c5 Rc1  0-1

[Event "TCh-CZE 2010-11"]
[Site "Czech Rep CZE"]
[Date "2011.04.16"]
[Round "10.2"]
[White "Votava,J"]
[Black "Hracek,Z"]
[Result "1/2-1/2"]
[WhiteElo "2569"]
[BlackElo "2631"]

1.e4 c5 2.Nf3 d6 3.d4 cxd4 4.Nxd4 Nf6 5.Nc3 a6 6.Be3 e5 7.Nf3 Be7 8.Bc4 O-O
9.O-O Qc7 10.Bb3 Be6 11.Bg5 Nbd7 12.Qe2 b5 13.Rfd1 Rfc8 14.Ne1 Rab8 15.Bxf6 Nxf6
16.Nd5 Bxd5 17.Bxd5 a5 18.a3 b4 19.axb4 axb4 20.g3 Qc5 21.Ra6 Qb5 22.Kf1 g6
23.Ra7 Kf8 24.b3 Qxe2+ 25.Kxe2 Rb5 26.Ra8 Rxa8 27.Bxa8 Ra5 28.Bc6 Ra6 29.Bd5 Ra2
30.f3 Bd8 31.Bc6 Ke7 32.Kd2 Bb6 33.Nd3 Bc5 34.Ba4 h5 35.Re1 Bb6 36.Nc1 Ra1
37.Nd3 Ra2 38.Rb1 Bc5 39.Nc1 Ra3 40.Nd3 Ra2 41.Nc1  1/2-1/2

[Event "Norsk Open A"]
[Site "Fagernes NOR"]
[Date "2011.04.17"]
[Round "8"]
[White "Eriksen,M"]
[Black "Haugsrud,H"]
[Result "1-0"]
[WhiteElo "2002"]
[BlackElo "2050"]

1.e4 c5 2.Nf3 d6 3.d4 cxd4 4.Nxd4 Nf6 5.Nc3 a6 6.Be3 e6 7.Qd2 Be7 8.f3 Nc6
9.O-O-O O-O 10.g4 Nxd4 11.Qxd4 Nd7 12.Qd2 Qc7 13.h4 b5 14.g5 Bb7 15.g6 b4
16.Ne2 Ne5 17.gxh7+ Kxh7 18.Nd4 Nc4 19.Bxc4 Qxc4 20.Kb1 Rac8 21.Bg5 Rfe8
22.Bxe7 Rxe7 23.Rhg1 Rc5 24.b3 Qc3 25.Qg2 g6 26.Rd3 Qxd3 27.cxd3 Rec7 28.h5 Rxh5
29.Rh1 Rc5 30.Rxh5+ Rxh5 31.Qg3 d5 32.Qc7 dxe4 33.Qxf7+ Kh6 34.Qxb7 exd3
35.Kc1  1-0

[Event "XLII Abierto Internacional"]
[Site "Mar del Plata ARG"]
[Date "2011.04.17"]
[Round "3.3"]
[White "Alonso,S"]
[Black "Perez,Max"]
[Result "1-0"]
[WhiteElo "2467"]
[BlackElo "2211"]

1.e4 c5 2.Nf3 d6 3.d4 cxd4 4.Nxd4 Nf6 5.Nc3 a6 6.Be3 e5 7.Nf3 h6 8.Bc4 Qc7
9.Bb3 Be6 10.O-O Nbd7 11.Qe2 Nc5 12.Bxc5 Qxc5 13.Rfd1 Rc8 14.Ne1 Bg4 15.Nf3 Be6
16.h3 Qb4 17.Nd2 Be7 18.Qf3 g5 19.Qd3 h5 20.a3 Qc5 21.Nf1 g4 22.h4 g3 23.Qxg3 Ng4
24.Nd5 Bxd5 25.Rxd5 Qb6 26.Qf3 Rh6 27.Ng3 Bxh4 28.Rf1 Bxg3 29.Qxg3 Rf6 30.Rd2 Rf4
31.Kh1 h4 32.Qh3 Rd8 33.f3 Nf6 34.Rfd1 Ke7 35.Qh2 Nh5 36.Qg1 Qc7 37.Qe3 Ng3+
38.Kh2 f5 39.Rd3 fxe4 40.Rc3 Qa5 41.fxe4 Kf6 42.Qa7 Qb5 43.Rc7 Nxe4 44.Rxb7 Qe8
45.Rf7+ Kg5 46.Rg7+ Kf5 47.Bf7 Qf8 48.Rg8 Qh6 49.Rxd8 Qg5 50.Qd7+  1-0

[Event "TCh-HUN 2010-11"]
[Site "Paks HUN"]
[Date "2011.04.17"]
[Round "9"]
[White "To,N"]
[Black "Groszpeter,A"]
[Result "1/2-1/2"]
[WhiteElo "2426"]
[BlackElo "2525"]

1.e4 c5 2.Nf3 d6 3.d4 cxd4 4.Nxd4 Nf6 5.Nc3 a6 6.Be3 e5 7.Nb3 Be6 8.f3 h5
9.Qd2 Nbd7 10.Nd5 Nxd5 11.exd5 Bf5 12.Na5 Qc7 13.c4 b6 14.Nc6 Nb8 15.Nxb8 Rxb8
16.Be2 Be7 17.O-O Bg6 18.b4 O-O 19.Rac1 a5 20.a3 Ra8 21.Rfd1 axb4 22.axb4 Ra3
23.Ra1 Rfa8 24.Qb2 R3a7 25.Bf1 Bf6 26.Rxa7 Qxa7 27.Qd2 Bd8 28.c5 bxc5 29.bxc5 dxc5
30.d6 Qa2 31.Qxa2 Rxa2 32.Bxc5 Rc2 33.Be3 Rc3 34.Ra1 Kh7 35.Ra8 Bf6 36.Kf2 Bf5
37.Bd2 Rc2 38.Ke1 Rb2 39.Bc4 Rb6 40.Bxf7 Rxd6 41.Bxh5 Rb6 42.g4 g6 43.gxf5 gxh5
44.Ra7+ Kg8 45.Rc7 Ra6 46.Ke2 Ra4 47.Rc1 Kf7 48.Rc7+ Kg8 49.Rc8+ Kf7 50.Rc7+  1/2-1/2

[Event "1st CHN-w Masters"]
[Site "Jiangsu Wuxi CHN"]
[Date "2011.04.18"]
[Round "3"]
[White "Gu Xiaobing"]
[Black "Ding Yixin"]
[Result "1/2-1/2"]
[WhiteElo "2369"]
[BlackElo "2376"]

1.e4 c5 2.Nf3 d6 3.d4 cxd4 4.Nxd4 Nf6 5.Nc3 a6 6.Be3 e5 7.Nb3 Be7 8.f3 Be6
9.Qd2 Nbd7 10.g4 h6 11.O-O-O b5 12.Kb1 Nb6 13.Na5 Qc7 14.Bxb6 Qxb6 15.Nd5 Nxd5
16.exd5 Bd7 17.Bd3 Bg5 18.Qb4 Qc5 19.Qe1 Qe3 20.Qf1 Qb6 21.Qe1 Qe3 22.Qb4 Qc5
23.Qxc5 dxc5 24.Nc6 Bf4 25.Nxe5 Bxe5 26.Rde1 f6 27.f4 Bxg4 28.fxe5 fxe5 29.Rhg1 h5
30.Rxe5+ Kd7 31.c4 bxc4 32.Bxc4 Rhf8 33.h3 Bf5+ 34.Kc1 g6 35.Re3 Kd6 36.h4 Bg4
37.Rb3 Kc7 38.Rf1 Rxf1+ 39.Bxf1 Re8 40.Kd2 Re5 41.d6+ Kxd6 42.Rb6+ Kc7 43.Rxg6 Be6
44.b3 a5 45.Bb5 Re4 46.Rh6 Bf7 47.Rh7 Kb6 48.Bd3 Rf4 49.Rh6+ Kc7 50.Ke3 Rd4
51.Rh7 Rd7 52.Bc4 Bg6 53.Rxd7+ Kxd7 54.Kf4 Bb1 55.a4 Bc2 56.Ke5 Kc6 57.Bd5+ Kb6
58.Bf7 Bd1 59.Ke4 Kc6 60.Kd3 Kd6 61.Ke4 Bc2+ 62.Kf4 Bd1 63.Kg5 Ke7 64.Bc4 Bg4
65.Kf4 Kd6 66.Ke4 Bd1 67.Kd3 Ke5 68.Bf7 Kd6 69.Kc3 Bg4 70.Bg6 Kd5 71.Kd3 Bd1
72.Kc3 Bg4 73.Bd3 Bd1 74.Bc4+ Ke5 75.Bf7 Kd6 76.Bg6 Kd5 77.Kd2 Bg4 78.Kd3 Bd1
79.Bh7 Bf3 80.Ke3 Bd1 81.Bg8+ Ke5 82.Kd3 Kd6 83.Ke4 Bc2+ 84.Kf4 Bd1 85.Bc4 Bg4
86.Kg5 Bd1 87.Kf6 Bf3 88.Bg8 Be2 89.Bc4 Bf3 90.Bf7 Bd1 91.Kg5 Ke7 92.Bc4  1/2-1/2

[Event "Duflex Cup IM 2011"]
[Site "Frydek Mistek CZE"]
[Date "2011.04.20"]
[Round "1"]
[White "Petenyi,T"]
[Black "Jedlicka,A"]
[Result "1/2-1/2"]
[WhiteElo "2369"]
[BlackElo "2253"]

1.e4 c5 2.Nf3 d6 3.d4 cxd4 4.Nxd4 Nf6 5.Nc3 a6 6.Be3 e5 7.Nb3 Be6 8.f3 Nbd7
9.Qd2 Rc8 10.O-O-O Be7 11.g4 O-O 12.h4 Nb6 13.Qf2 Nc4 14.Bxc4 Bxc4 15.h5 b5
16.g5 Nd7 17.Rdg1 b4 18.Nd5 Bxd5 19.exd5 f5 20.gxf6 Nxf6 21.Qg2 Rf7 22.f4 exf4
23.Bxf4 Rc4 24.Be3 Qa8 25.Rd1 Re4 26.Bd4 Rg4 27.Qe2 Rg5 28.h6 Nxd5 29.hxg7 Nf4
30.Qc4 d5 31.Qc7 Qd8 32.Qxd8+ Bxd8 33.Rde1 Bf6 34.Be3 Bxg7 35.Nc5 d4 36.Bxf4 Rxc5
37.Bd6 Rc8 38.Bxb4 Rb7 39.Rhg1 Kh8 40.a3 d3 41.c3 Rd7 42.Rd1 Rd5 43.Rg3 a5
44.Be7 Re8 45.Bh4 Re4 46.Rh3 Kg8 47.Kb1 Rh5 48.Rdh1 a4 49.Bf2 Rb5 50.Rxd3 Re2
51.Rd8+ Kf7 52.Rd7+ Ke6 53.Rxg7 Rbxb2+ 54.Ka1 Ra2+ 55.Kb1 Reb2+ 56.Kc1 Rxf2
57.Kb1 Rab2+ 58.Ka1 Ra2+  1/2-1/2

[Event "Cez Cup GM 2011"]
[Site "Frydek Mistek CZE"]
[Date "2011.04.20"]
[Round "3"]
[White "Krejci,Jan2"]
[Black "Dydyshko,V"]
[Result "1/2-1/2"]
[WhiteElo "2451"]
[BlackElo "2555"]

1.e4 c5 2.Nf3 d6 3.d4 cxd4 4.Nxd4 Nf6 5.Nc3 a6 6.Be3 e6 7.f3 b5 8.Qd2 Nbd7
9.g4 h6 10.O-O-O b4 11.Na4 d5 12.exd5 Nxd5 13.Bc4 Bb7 14.Rhe1 Qc7 15.Nxe6 Qxc4
16.Nc7+ Qxc7 17.Bf4+ Kd8 18.Bxc7+ Kxc7 19.c4 bxc3 20.Nxc3 N7b6 21.Nxd5+ Bxd5
22.Qa5 Be6 23.f4 Kb7 24.f5 Rc8+ 25.Kb1 Bc4 26.b3 Bb5 27.a4 Bc6 28.Qe5 f6
29.Qf4 a5 30.Re6 Bb4 31.Rc1 Rhd8 32.h4 Bd2 33.Re7+ Ka8 34.Qf1 Be4+ 35.Ka2 Bb7
36.Rxc8+ Bxc8 37.Qg2+ Rd5 38.Re6 Bxe6 39.fxe6 Bb4 40.Qe4 Be7 41.Qg6 Kb7 42.Qxg7 Rd2+
43.Kb1 Nd5 44.Qxh6 Re2 45.Qh7 Nc3+ 46.Kc1 Na2+  1/2-1/2

[Event "9th V Nabokov GM"]
[Site "Kyiv UKR"]
[Date "2011.04.20"]
[Round "3.5"]
[White "Pavlov,S2"]
[Black "Golichenko,I"]
[Result "1/2-1/2"]
[WhiteElo "2526"]
[BlackElo "2412"]

1.e4 c5 2.Nf3 d6 3.d4 cxd4 4.Nxd4 Nf6 5.Nc3 a6 6.Be3 e5 7.Nb3 Be7 8.f3 Be6
9.Qd2 O-O 10.O-O-O Nbd7 11.g4 b5 12.Rg1 b4 13.Nd5 Bxd5 14.exd5 a5 15.g5 Nh5
16.Kb1 a4 17.Nc1 Qa5 18.Nd3 Rfb8 19.Rg4 Qxd5 20.Rxb4 Qc6 21.Rxb8+ Rxb8 22.Nb4 Qb7
23.a3 Nb6 24.Ba6 Qc7 25.Be2 Qb7 26.Bb5 d5 27.Bxb6 Qxb6 28.Nxd5 Qxb5 29.Nxe7+ Kf8
30.c4 Qxc4 31.Nf5 Qc7 32.Qd7 Qxd7 33.Rxd7 f6 34.gxf6 Nxf6 35.Rxg7 Rb3 36.Rg3 Nh5
37.Rg5 Nf4 38.Nd6 Nd3 39.Nc4 Kf7 40.Rg2 Kf6 41.Re2 Rb5 42.Kc2 Nf4 43.Re4 Ne6
44.Kb1 Ng5 45.Re3 Kf5 46.h4 Ne6 47.Re4 Kf6 48.Ne3 Nd4 49.f4 exf4 50.Rxf4+ Ke5
51.Rg4 h5 52.Nc4+ Kd5 53.Ne3+ Ke5 54.Rg6 Nf3 55.Ra6 Nxh4 56.Rxa4 Nf3 57.Ng2 Nd4
58.Nh4 Ke4 59.Nf3 Rd5 60.Nxd4 Rxd4 61.Ra8 h4 62.Rh8 Kf3 63.Kc2 Kg3 64.Kc3 Ra4
65.b4 Rxa3+ 66.Kc4 h3 67.b5 h2 68.b6 Ra1 69.Kc5  1/2-1/2

[Event "Chance Cup Open 2011"]
[Site "Frydek Mistek CZE"]
[Date "2011.04.21"]
[Round "2"]
[White "Sosovicka,M"]
[Black "Lewicki,Mir"]
[Result "0-1"]
[WhiteElo "1955"]
[BlackElo "2138"]

1.e4 c5 2.Nf3 d6 3.d4 cxd4 4.Nxd4 Nf6 5.Nc3 a6 6.Be3 e6 7.g4 Qc7 8.g5 Nfd7
9.f4 b5 10.a3 Bb7 11.Qd2 Nb6 12.O-O-O N8d7 13.Ndxb5 axb5 14.Nxb5 Qc6 15.Nxd6+ Bxd6
16.Qxd6 Rc8 17.Qxc6 Bxc6 18.Rd4 h6 19.g6 fxg6 20.Bh3 Kf7 21.Rhd1 Rhe8 22.b3 Nf6
23.c4 g5 24.e5 g4 25.Bf1 Ng8 26.Rd6 Na8 27.Kb2 Ne7 28.Bf2 Nf5 29.R6d2 h5
30.b4 Ba4 31.Rc1 Red8 32.Rxd8 Rxd8 33.Kc3 h4 34.Bg2 Nc7 35.b5 g3 36.hxg3 Nxg3
37.Kb4 Rd2 38.Bxg3 hxg3 39.Be4 Rd4 40.Bb7 Bxb5 41.Kc5 Rxc4+ 42.Rxc4 Bxc4
43.Kxc4 Nd5 44.f5 g2 45.fxe6+ Ke7 46.Bxd5 g1=Q  0-1

[Event "Technomont IM 2011"]
[Site "Frydek Mistek CZE"]
[Date "2011.04.21"]
[Round "2"]
[White "Novotny,M1"]
[Black "Rosko,L"]
[Result "0-1"]
[WhiteElo "2321"]
[BlackElo "2305"]

1.e4 c5 2.Nf3 d6 3.d4 cxd4 4.Nxd4 Nf6 5.Nc3 a6 6.Be3 e5 7.Nf3 Qc7 8.a4 h6
9.a5 Be6 10.Nd5 Nxd5 11.exd5 Bg4 12.Bd3 g6 13.h3 Bxf3 14.Qxf3 Bg7 15.O-O O-O
16.Ra4 f5 17.Qg3 g5 18.Bb6 Qd7 19.Rc4 Rc8 20.Rxc8+ Qxc8 21.f3 e4 22.fxe4 f4
23.Qe1 Nd7 24.Qb4 Nxb6 25.Qxb6 Qc5+ 26.Qxc5 dxc5 27.c3 Be5 28.Be2 Kf8 29.g3 Ke7
30.gxf4 Bxf4 31.Rxf4 gxf4 32.e5 Rg8+ 33.Kf2 Rg5 34.d6+ Ke6 35.Bg4+ Kxe5 36.d7 Rg8
37.Kf3 Rf8 38.h4 Kd6 39.h5 Kc7 40.Be6 Rf6 41.Bg4 b6 42.axb6+ Rxb6 43.Kxf4 Rxb2  0-1

[Event "ch-BLR u20 Women"]
[Site "Minsk BLR"]
[Date "2011.04.21"]
[Round "8"]
[White "Revo,T"]
[Black "Kusenkova,Natal"]
[Result "1/2-1/2"]
[WhiteElo "2038"]
[BlackElo "2047"]

1.e4 c5 2.Nf3 d6 3.d4 cxd4 4.Nxd4 Nf6 5.Nc3 a6 6.Be3 e5 7.Nb3 Be6 8.f3 h5
9.Nd5 Bxd5 10.exd5 Nbd7 11.Be2 g6 12.O-O Bg7 13.c4 O-O 14.Nd2 Qc7 15.Rc1 b6
16.Ne4 Nc5 17.Qc2 Rfc8 18.Nxf6+ Bxf6 19.b4 Nd7 20.Qb3 a5 21.a3 axb4 22.axb4 Ra7
23.Ra1 Rca8 24.Rxa7 Qxa7 25.Rc1 Qa3 26.Qxa3 Rxa3 27.Bf2 Be7 28.Rb1 Ra7 29.Kf1 f5
30.Bd3 Kf7 31.Bc2 Kg7  1/2-1/2

[Event "Oberhausen Easter Open"]
[Site "Oberhausen GER"]
[Date "2011.04.22"]
[Round "2.7"]
[White "Coenen,S"]
[Black "Van Assendelft,F"]
[Result "0-1"]
[WhiteElo "1992"]
[BlackElo "2356"]

1.e4 c5 2.Nf3 d6 3.d4 cxd4 4.Nxd4 Nf6 5.Nc3 a6 6.Be3 e6 7.f3 b5 8.Qd2 Nbd7
9.O-O-O Bb7 10.g4 Nb6 11.Qf2 Nfd7 12.Kb1 Rc8 13.h4 Be7 14.Nce2 O-O 15.g5 d5
16.Ng3 Na4 17.Nb3 Qc7 18.exd5 Bxd5 19.Rxd5 exd5 20.Nf5 Ndc5 21.Bf4 Qb7 22.Bd6 Bxd6
23.Nxd6 Qe7 24.Nxc8 Rxc8 25.Bh3 Re8 26.Nd4 g6 27.Rg1 Nxb2 28.Kxb2 Na4+ 29.Kb3 Qc5  0-1

[Event "1st CHN-w Masters"]
[Site "Jiangsu Wuxi CHN"]
[Date "2011.04.23"]
[Round "7"]
[White "Wang Yu A"]
[Black "Huang Qian"]
[Result "1/2-1/2"]
[WhiteElo "2398"]
[BlackElo "2394"]

1.e4 c5 2.Nf3 d6 3.d4 cxd4 4.Nxd4 Nf6 5.Nc3 a6 6.Be3 e5 7.Nde2 Nc6 8.Qd2 Be6
9.f3 d5 10.exd5 Nxd5 11.Nxd5 Qxd5 12.Qxd5 Bxd5 13.Nc3 Be6 14.O-O-O Rd8 15.Rxd8+ Kxd8
16.Bd3 Nb4 17.Rd1 Nxd3+ 18.Rxd3+ Kc7 19.h4 Bb4 20.a3 Bxc3 21.Rxc3+ Kd7 22.Bb6 Rc8
23.Rxc8 Kxc8 24.Kd2 h5 25.a4 Kd7 26.a5 Bf5 27.c3 e4 28.fxe4 Bxe4 29.g3 g6
30.Ke3 Bc2 31.Kf4 Kc6 32.b4 Kd5 33.Bd4 Bd3 34.Bg7 Bc4 35.Bd4 Bd3 36.Bg7 Bc4
37.Bd4 Bd3  1/2-1/2

[Event "Branko Vukmanovic Mem Open"]
[Site "Tivat MNE"]
[Date "2011.04.23"]
[Round "8.16"]
[White "Draganic,V"]
[Black "Mazi,L"]
[Result "1-0"]
[WhiteElo "2286"]
[BlackElo "2368"]

1.e4 c5 2.Nf3 d6 3.d4 cxd4 4.Nxd4 Nf6 5.Nc3 a6 6.Be3 e6 7.Be2 Qc7 8.g4 b5
9.g5 Nfd7 10.a3 Nb6 11.Qd2 Nc4 12.Ndxb5 axb5 13.Nxb5 Qc6 14.Bxc4 Qxc4 15.Nxd6+ Bxd6
16.Qxd6 Qc6 17.O-O-O Qxd6 18.Rxd6 e5 19.Rhd1 O-O 20.R1d5 Re8 21.Rd8  1-0

[Event "NK Jeugd A"]
[Site "Haarlem NED"]
[Date "2011.05.01"]
[Round "2"]
[White "Le Clercq,Maxim"]
[Black "Zwirs,Nico"]
[Result "0-1"]
[WhiteElo "1846"]
[BlackElo "2088"]

1.e4 c5 2.Nf3 d6 3.d4 cxd4 4.Nxd4 Nf6 5.Nc3 a6 6.Be3 e5 7.Nb3 Be6 8.Qd2 Be7
9.f3 Nbd7 10.O-O-O O-O 11.g4 b5 12.g5 b4 13.Ne2 Ne8 14.f4 a5 15.f5 a4 16.fxe6 axb3
17.exf7+ Rxf7 18.cxb3 Rxa2 19.Ng3 Kh8 20.Nf5 Nb6 21.Bxb6 Qxb6 22.Bc4 Rf8
23.Rhf1 Ra1+ 24.Kc2 Rxd1 25.Rxd1 g6 26.Nxe7 Rf2 27.Rf1 Rxd2+ 28.Kxd2 Qd4+
29.Kc1 d5 30.exd5 Nd6 31.Rd1 Qe3+ 32.Kb1 Qxg5 33.Nc6 Qf5+ 34.Ka2 Qc2 35.Rb1 Nxc4
36.Nxb4 Qd2 37.bxc4 Qxb4 38.Rc1 e4 39.c5 e3 40.c6 Qa5+ 41.Kb1 Qxd5 42.c7 Qf5+
43.Ka2 Qc8  0-1

[Event "Karlovy Vary Open"]
[Site "Karlovy Vary CZE"]
[Date "2011.05.01"]
[Round "5.14"]
[White "Kosek,L"]
[Black "Vanko,J"]
[Result "1-0"]
[WhiteElo "1806"]
[BlackElo "2042"]

1.e4 c5 2.Nf3 d6 3.d4 cxd4 4.Nxd4 Nf6 5.Nc3 a6 6.Be3 e6 7.f3 b5 8.a3 Nbd7
9.Qd2 Qc7 10.g4 h6 11.h4 Ne5 12.O-O-O Rb8 13.Na2 Nfd7 14.Be2 Nb6 15.Qc3 Qxc3
16.Nxc3 Nbc4 17.Bf4 Bd7 18.g5 g6 19.gxh6 Bxh6 20.Bg5 Bxg5+ 21.hxg5 Ke7 22.f4 Nc6
23.Rxh8 Rxh8 24.Bxc4 bxc4 25.Nxc6+ Bxc6 26.Rd4 Rh4 27.Rxc4 Kd7 28.Rb4 Rxf4
29.Rb6 Kc7 30.Rxa6 Kb7 31.Ra5 Bxe4 32.Nb5 Kb6 33.b4 d5 34.Nd4 Bf5 35.Rb5+ Kc7
36.Rc5+ Kd6 37.c3 Rf2 38.a4 Bd3 39.Rc6+ Kd7 40.b5 Bc4 41.b6 Ba6 42.Rc7+ Kd6
43.Nb5+ Bxb5 44.axb5 Rf1+ 45.Kb2 Rf2+ 46.Kb3 Rf1 47.Rc6+ Ke5 48.b7 Rb1+ 49.Ka4  1-0

[Event "Sydney International Open"]
[Site "Sydney AUS"]
[Date "2011.05.01"]
[Round "9"]
[White "Wallis,C"]
[Black "Johansen,D"]
[Result "1-0"]
[WhiteElo "2305"]
[BlackElo "2419"]

1.e4 c5 2.Nf3 d6 3.d4 cxd4 4.Nxd4 Nf6 5.Nc3 a6 6.Be3 e6 7.f3 b5 8.Qd2 Nbd7
9.g4 Nb6 10.Qf2 Nfd7 11.a4 bxa4 12.Nxa4 Nxa4 13.Rxa4 Bb7 14.Be2 Nc5 15.Ra2 Be7
16.O-O O-O 17.b4 Nd7 18.Rfa1 Qc8 19.c4 Ne5 20.c5 Nc6 21.cxd6 Bxd6 22.Rc1 Qd7
23.Nxc6 Bxc6 24.Rd2 e5 25.Rcd1  1-0

[Event "NK Jeugd A"]
[Site "Haarlem NED"]
[Date "2011.05.03"]
[Round "4"]
[White "Le Clercq,Maxim"]
[Black "Colijn,E"]
[Result "0-1"]
[WhiteElo "1846"]
[BlackElo "1982"]

1.e4 c5 2.Nf3 d6 3.d4 cxd4 4.Nxd4 Nf6 5.Nc3 a6 6.Be3 Nbd7 7.Qd2 e6 8.O-O-O b5
9.f3 Qc7 10.g4 b4 11.Nce2 Ne5 12.Qxb4 d5 13.Qc3 Qxc3 14.Nxc3 dxe4 15.Nxe4 Nxe4
16.fxe4 Nxg4 17.Re1 Bc5 18.Nf5 Nxe3 19.Nxe3 Bb7 20.Nc4 Ke7 21.Na5 Bb4 22.Nxb7 Bxe1
23.Bg2 Bf2 24.c4 Rac8 25.b3 e5 26.Rd1 Bd4 27.c5 Rc7 28.Nd6 Rxc5+ 29.Nc4 Rb8
30.Rd3 Rb6 31.Rh3 h6 32.Rg3 g6 33.Kd2 Rxc4 34.bxc4 Rb2+ 35.Kd1 Rxa2 36.h4 a5
37.Bh3 Ra4 38.Rb3 Rxc4 39.Rb7+ Kf6 40.Rd7 Bf2 41.Rd6+ Kg7 42.Ra6 Bxh4 43.Rxa5 Rxe4
44.Ra7 Kf6  0-1

[Event "Ostravsky Konik A"]
[Site "Ostrava CZE"]
[Date "2011.05.03"]
[Round "4.35"]
[White "Zemlicka,V"]
[Black "Dobes,L"]
[Result "0-1"]
[WhiteElo "1984"]
[BlackElo "2075"]

1.e4 c5 2.Nf3 d6 3.d4 cxd4 4.Nxd4 Nf6 5.Nc3 a6 6.Be3 e6 7.f3 Qb6 8.Qd2 Qxb2
9.Rb1 Qa3 10.Be2 Nc6 11.O-O Nd7 12.f4 Nxd4 13.Bxd4 b5 14.f5 e5 15.Be3 Bb7
16.Rb3 Qa5 17.Qe1 Rc8 18.Bd3 Nc5 19.Bxc5 dxc5 20.Qg3 f6 21.Be2 c4 22.Rbb1 Bc5+
23.Kh1 O-O 24.a4 Bd4 25.Nd5 Bxd5 26.exd5 b4 27.Qh4 Qc5 28.Rf3 a5 29.Rh3 h6
30.Qg4 Kh8 31.Rf1 Qxd5 32.Rff3 Bc3 33.Rh5 Bd2 34.Rh4 Bg5 35.Bxc4 Qd1+ 36.Rf1 Qxc2
37.Be6 Bxh4 38.Bxc8 Rxc8 39.Qxh4 Qxf5 40.Rd1 Rc2 41.Qg3 Qf4 42.Qg6 Rc1  0-1